ბათუმის შოთა რუსთაველის სახელმწიფო უნივერსიტეტის ბიბლიოთეკა

Безопасность движения автомобильного транспорта. (ბიბ.ჩანაწერი № 37280)

000 -LEADER
fixed length control field 00674nam a2200205Ia 4500
001 - CONTROL NUMBER
control field 3239
003 - CONTROL NUMBER IDENTIFIER
control field GE_BSU
008 - FIXED-LENGTH DATA ELEMENTS--GENERAL INFORMATION
fixed length control field 181216s||||||||xx |||||||||||||| ||und||
040 ## - CATALOGING SOURCE
Transcribing agency GE_BSU
080 ## - UNIVERSAL DECIMAL CLASSIFICATION NUMBER
Universal Decimal Classification number 656.13
100 ## - MAIN ENTRY--PERSONAL NAME
Personal name Алексеев,Б.А. Колпаков,М.И. Паршев,А.С. и др.
245 ## - TITLE STATEMENT
Title Безопасность движения автомобильного транспорта.
245 ## - TITLE STATEMENT
Statement of responsibility, etc. ред. Э.В.Фролова.
260 ## - PUBLICATION, DISTRIBUTION, ETC.
Place of publication, distribution, etc. М.
260 ## - PUBLICATION, DISTRIBUTION, ETC.
Name of publisher, distributor, etc. Досааф.
260 ## - PUBLICATION, DISTRIBUTION, ETC.
Date of publication, distribution, etc. 1972.
300 ## - PHYSICAL DESCRIPTION
Extent 142стр. 20см.
653 ## - INDEX TERM--UNCONTROLLED
Uncontrolled term Безопасность движения автомобильного транспорта.
942 ## - ADDED ENTRY ELEMENTS (KOHA)
Koha item type წიგნი
ეგზემპლარები
Withdrawn status Lost status Damaged status Not for loan Date acquired Barcode Date last seen Price effective from Koha item type Public note
        2018-12-17 9871 2018-12-17 2018-12-17 წიგნი დარბაზი